[Event "Titled Tuesday intern op 01st Aug Early"]
[Site "Chess.com INT"]
[Date "2023.08.01"]
[Round "6"]
[White "Acikel, Mert"]
[Black "Eynullayev, Atilla Elshan"]
[Result "0-1"]
[WhiteElo "2222"]
[BlackElo "2265"]
[PlyCount "70"]
[EventDate "2023.08.01"]
[EventType "swiss (blitz)"]
[EventRounds "11"]
[EventCountry "USA"]
[SourceTitle "EXT 2024"]
[Source "ChessBase"]
[SourceDate "2023.10.10"]
[SourceVersion "1"]
[SourceVersionDate "2023.10.10"]
[SourceQuality "1"]

1. e4 c6 2. Nc3 d5 3. Nf3 Bg4 4. h3 Bxf3 5. Qxf3 e6 6. Be2 Nf6 7. 0-0 Bc5 8. d3 0-0 9. Bf4 Bd4 10. Rfe1 Nbd7 11. Bd2 Ne5 12. Qg3 Ng6 13. Rab1 dxe4 14. Nxe4 Nxe4 15. dxe4 Bxf2+ 16. Qxf2 Qxd2 17. Bd3 Qxf2+ 18. Kxf2 Rfd8 19. Rbd1 Ne5 20. Be2 Kf8 21. c4 c5 22. a3 a5 23. Ke3 Ke7 24. Kf4 f6 25. h4 Rd4 26. Rxd4 cxd4 27. Rd1 Rd8 28. b3 g6 29. g4 h6 30. c5 g5+ 31. Kg3 d3 32. Bf1 Rd4 33. hxg5 hxg5 34. Bg2 d2 35. Bf3 Rd3 0-1

[Event "Titled Tuesday intern op 01st Aug Early"]
[Site "Chess.com INT"]
[Date "2023.08.01"]
[Round "5"]
[White "Acikel, Mert"]
[Black "Garcia Correa, Jose Ricardo"]
[Result "1-0"]
[WhiteElo "2222"]
[BlackElo "2103"]
[PlyCount "55"]
[EventDate "2023.08.01"]
[EventType "swiss (blitz)"]
[EventRounds "11"]
[EventCountry "USA"]
[SourceTitle "EXT 2024"]
[Source "ChessBase"]
[SourceDate "2023.10.10"]
[SourceVersion "1"]
[SourceVersionDate "2023.10.10"]
[SourceQuality "1"]

1. e4 c5 2. Nf3 e6 3. c4 b6 4. d4 cxd4 5. Nxd4 Bb7 6. Nc3 Qc7 7. Bd3 a6 8. 0-0 Nf6 9. Qe2 h5 10. h3 Nc6 11. Nxc6 Qxc6 12. Bf4 Bc5 13. Rac1 Kf8 14. Rfd1 Kg8 15. a3 Rd8 16. b4 Bd4 17. b5 Qc5 18. e5 Ne8 19. a4 Qb4 20. Ne4 axb5 21. cxb5 Qxa4 22. Rc4 Bxf2+ 23. Nxf2 Qb3 24. Be4 Ba8 25. Rcd4 d5 26. exd6 f6 27. Bxa8 e5 28. Bd5+ 1-0

[Event "Titled Tuesday intern op 01st Aug Early"]
[Site "Chess.com INT"]
[Date "2023.08.01"]
[Round "7"]
[White "Levine, David M"]
[Black "Acikel, Mert"]
[Result "0-1"]
[WhiteElo "2040"]
[BlackElo "2222"]
[PlyCount "102"]
[EventDate "2023.08.01"]
[EventType "swiss (blitz)"]
[EventRounds "11"]
[EventCountry "USA"]
[SourceTitle "EXT 2024"]
[Source "ChessBase"]
[SourceDate "2023.10.10"]
[SourceVersion "1"]
[SourceVersionDate "2023.10.10"]
[SourceQuality "1"]

1. d4 d5 2. c4 e6 3. g3 Nf6 4. Bg2 Be7 5. Nf3 0-0 6. 0-0 dxc4 7. Na3 Bxa3 8. bxa3 Nc6 9. e3 a6 10. a4 Rb8 11. Ba3 Re8 12. Nd2 Na5 13. Bb4 c6 14. Bxa5 Qxa5 15. Nxc4 Qb4 16. Qc2 b5 17. Ne5 Bb7 18. Rab1 Qd6 19. Nd3 Nd7 20. Rfc1 Rec8 21. Nc5 Nb6 22. axb5 axb5 23. a4 Nd5 24. axb5 g6 25. b6 Ne7 26. Ra1 Kg7 27. Rcb1 Nd5 28. Ra7 Qe7 29. h4 h5 30. Qb3 Nf6 31. Qa4 Nd5 32. Qa5 e5 33. Nxb7 Rxb7 34. dxe5 Rd8 35. Rxb7 Qxb7 36. Qa7 Qb8 37. Bxd5 cxd5 38. Qxb8 Rxb8 39. b7 Kf8 40. Kf1 Ke7 41. Ke2 Ke6 42. f4 f6 43. exf6 Kxf6 44. Kd3 Ke6 45. Kd4 Kd7 46. e4 dxe4 47. Kxe4 Ke6 48. Rb6+ Kf7 49. Ke5 Ke7 50. Kd5 Kf7 51. Kc6 Re8 0-1